| 000 | 00369nam a22001697a 4500 | ||
|---|---|---|---|
| 999 |
_c8792 _d8792 |
||
| 003 | OSt | ||
| 008 | 200710b ||||| |||| 00| 0 eng d | ||
| 020 | _a9788185790602 | ||
| 082 | _a615.32 GAN | ||
| 100 | _aGaud, R S | ||
| 245 | _aNatural Excipients | ||
| 250 | _a2019 | ||
| 260 |
_aNew Delhi _bNirali |
||
| 300 | _ai.2 | ||
| 650 | _aPharmacognosy | ||
| 942 |
_2ddc _cBK |
||